| 000 | 01302nam a22002537a 4500 | ||
|---|---|---|---|
| 005 | 20091211113343.0 | ||
| 008 | 091211t xxu||||| |||| 00| j hin d | ||
| 010 | _aHIN-89217 | ||
| 020 |
_a9788123755991 _c30.00 |
||
| 035 | _aHN-61563 | ||
| 037 | _bDBAD / PUB | ||
| 040 |
_aDPL _bHN |
||
| 082 | _aक | ||
| 245 |
_aदीवर एवं अन्य कहानियां / _cमनोरमा दीवान द्वारा अनुदित |
||
| 246 |
_aDeewar evam anya Kahaniyan/ _bEd by Manorama Deewan |
||
| 260 |
_aनई दिल्ली _bनेशनल बुक ट्रस्ट _c2009 |
||
| 270 |
_aनेहरू भवन, 5 इंस्टीट्यूशनल एरिया, फेज-11, वसंत कुंज _bनई दिल्ली _e110070 |
||
| 300 |
_a141पृ _c22सेमी (अजिल्द) _bसचित्र |
||
| 490 |
_aएशिया प्रशांत सहप्रकाशन कार्यक्रम _917410 |
||
| 650 |
_aलघु कथाएं, हिन्दी _91159 |
||
| 700 |
_aदीवान, मनोरमा _917411 |
||
| 942 |
_2ddc _cCH _mदीवान |
||
| 999 |
_c35043 _d35043 |
||